[Event "Brno op 12th"]
[Site "Brno"]
[Date "2023.11.14"]
[Round "4"]
[White "Kovalenko, Vladimir N"]
[Black "Limbrunner, Steven"]
[Result "1-0"]
[WhiteElo "1993"]
[BlackElo "1824"]
[PlyCount "52"]
[EventDate "2023.11.11"]
[EventType "swiss"]
[EventRounds "9"]
[EventCountry "CZE"]
[SourceTitle "CB47_2023"]
[SourceDate "2023.11.22"]
[SourceVersion "1"]
[SourceVersionDate "2023.11.22"]
[SourceQuality "1"]

1. e4 c5 2. c3 Nc6 3. d4 d5 4. exd5 Qxd5 5. Nf3 cxd4 6. cxd4 e5 7. Nc3 Bb4 8. Bd2 Bxc3 9. Bxc3 e4 10. Ne5 Nxe5 11. dxe5 Ne7 12. Be2 e3 13. 0-0 exf2+ 14. Rxf2 0-0 15. Bf3 Qb5 16. a4 Qb6 17. a5 Qb5 18. a6 Nc6 19. Qd6 Qb6 20. Bd5 Rd8 21. Bxf7+ Kh8 22. Qa3 bxa6 23. Raf1 Bf5 24. e6 Bd3 25. e7 Nxe7 26. Qxe7 Bxf1 1-0